| 000 | 00349nam a2200121Ia 4500 | ||
|---|---|---|---|
| 008 | 220216s9999 xx 000 0 und d | ||
| 100 | _aHaridasan V. | ||
| 245 | 0 | _aManagement of plantations | |
| 260 |
_bSreedevi, Changanacherry, Kerala, India, 240 p. _c1992 |
||
| 650 | _aPlantation management | ||
| 650 | _aRubber plantation industry | ||
| 942 | _cBS | ||
| 999 |
_c49820 _d49820 |
||